000
00227nam a2200097Ia 4500
008
240625s9999 xx 000 0 und d
041
_a
eng
082
_a
808.20 DUB
100
_a
DUBEY TOSHA
245
_a
CORPORATE SALES AT MOZOLABS
999
_c
37459
_d
37459